000 00730nam a22002057a 4500
005 20251108170050.0
008 250721s1999 xx 000 0 ara d
082 1 4 _aط/004/عطا
100 1 _aعطار، فراس أبو الجود
_eمؤلف
245 1 0 _aالفارة -لوحة المفاتيح - الطابعات /
264 1 _aحلب :
_bدار القلم العربي،
_c1999.
300 _a16ص.
490 0 _aالمجموعة العلمية للصغار : الكومبيوتر للمبتدئين
_v2
650 1 7 _aالحواسيب
650 1 7 _aعلم الحاسوب
653 _aمرحلة متوسط من(6-9 سنوات )
700 1 _aقاطرجي، محمد
_eمؤلف
942 _2ddc
_cBK
999 _c38846
_d38846